Complete the Card - WWE Judgment Day 2001 - Statistics

General Stats
  • This quiz has been taken 296 times
  • The average score is 21 of 26
Answer Stats
Answer % Correct
Kurt Angle
97%
Triple H
96%
Kane
95%
Jeff Hardy
94%
Matt Hardy
94%
The Undertaker
94%
Chris Benoit
92%
Stone Cold Steve Austin
92%
Bubba Ray Dudley
91%
Chris Jericho
91%
D-Von Dudley
91%
Edge
91%
Christian
89%
Lita
88%
The Big Show
81%
Chyna
77%
Bradshaw
75%
Faarooq
75%
X-Pac
70%
Test
69%
Rhyno
67%
William Regal
65%
Rikishi
63%
Perry Saturn
60%
Dean Malenko
58%
Justin Credible
56%
No matching quizzes found
Score Distribution
Percent of People with Each Score
Percentile by Number Answered
Your Score History
You have not taken this quiz